书目信息 |
| 题名: |
.无尽之形最美.动物建造和演化的奥秘
|
|
| 作者: | 卡罗尔 ;王晗 译 | |
| 分册: | ||
| 出版信息: | 上海 上海科学技术出版社 2012 |
|
| 页数: | 301 | |
| 开本: | 23cm | |
| 丛书名: | ||
| 单 册: | ||
| 中图分类: | Q11 | |
| 科图分类: | ||
| 主题词: | 生物--进化 , 生物--发展 | |
| 电子资源: | ||
| ISBN: | 7-5478-1298-3 | |
| 000 | 00659nam0 2200205 450 | |
| 001 | 1735846483 | |
| 005 | 20170410095726.48 | |
| 010 | @a7-5478-1298-3 | |
| 100 | @a20170410d km y0chiy0120 ea | |
| 101 | 0 | @achi |
| 200 | 1 | @a.无尽之形最美.动物建造和演化的奥秘@A.wu jin zhi xing zui mei.dong wu jian zao he yan hua de ao mi@f卡罗尔@Fka luo er@g王晗译@Gwang han yi |
| 210 | @a上海@c上海科学技术出版社@d2012 | |
| 215 | @a301@c彩图@d23cm | |
| 606 | 0 | @a生物@x进化 |
| 606 | 0 | @a生物@x发展 |
| 690 | @aQ11@v4 | |
| 701 | 0 | @a卡罗尔@Aka luo er |
| 702 | 0 | @a王晗@Awang han@4译 |
| 801 | 0 | @aCN@b大连网信软件有限公司图书馆·11@c20170410 |
| 905 | @b6604280@dQ11@en13@f1 | |
| .无尽之形最美.动物建造和演化的奥秘/卡罗尔/王晗译.-上海:上海科学技术出版社,2012 |
| 301:彩图;23cm |
| ISBN 7-5478-1298-3: |
| ● |
| 相关链接 |
|
|
|
|
正题名:.无尽之形最美·动物建造和演化的奥秘
索取号:Q11/n13
 
预约/预借
| 序号 | 登录号 | 条形码 | 馆藏地/架位号 | 状态 | 备注 |
| 1 | 6604280 | 266042800 | 密集书库-生命科学系/ [索取号:Q11/n13] | 在馆 |